01156nam a2200277 a 450000100100000000500170001000800410002704000250006808200170009310000410011024500500015125000250020126000420022630000210026849000210028950000560031053300470036659000260041365000490043965000720048883000280056091000370058895201150062595201210074099900170086100002510220200930023551.0110210s1985 dr 001 e spa d aDO-SdBNPbspacBNPHU a123.5bM645e1 aMill, John Stuart,d1806-187394502310aEnsayo sobre la libertad /cJohn Stuart Mill. a[1ª ed. dominicana] aSanto Domingo :bAlfa y Omega,c1985. a102 p. ;c17 cm.1 aEdil Universitas aIncluye bibliografía y notas al pie de páginas. aFacsímil:bRío Piedras :cEdil,d1969. aInventariado, 2018/LP 4aLibertadxEnsayos, conferencias, etc.951490 4aLibre albedrío y determinismoxEnsayos, conferencias, etc.951491 0aEdil Universitas937242 aValidado. Control de calidad EMS 0010718PDaPDbPDcHDd2011-02-10iLF1l0o123.5 M645ep25102-10r2020-06-25w2020-06-25yLFPDZNo se presta 0010718PDaPDbPDcHDd2011-04-06iLF1l0o123.5 M645ep25102-20r2020-06-25te. 2w2020-06-25yLFPDZNo se presta c24595d24595